E-schránka a nezisková organizácia

Štát začal postupne zriaďovať a aktivovať na doručovanie elektronické schránky jednotlivým subjektom. Od 1.júna tohto roka tak urobil aj pre právnicke osoby mimo obchodného registra. Povinnosť mať aktivovanú elektronickú schránku na doručovanie úradných rozhodnutí sa tak dotkla viac ako 78 880 právn...

Descripción completa

Guardado en:
Detalles Bibliográficos
Autor principal: Hrašková, Dagmar
Formato: Capítulo de libro
Lenguaje:eslovaco
Materias:
Etiquetas: Agregar Etiqueta
Sin Etiquetas, Sea el primero en etiquetar este registro!

MARC

LEADER 00000naa a2200000 4500
001 0267453
005 20200805141535.4
041 0 |a slo 
044 |a SK 
245 1 0 |a E-schránka a nezisková organizácia  |c Dagmar Hrašková 
520 |a Štát začal postupne zriaďovať a aktivovať na doručovanie elektronické schránky jednotlivým subjektom. Od 1.júna tohto roka tak urobil aj pre právnicke osoby mimo obchodného registra. Povinnosť mať aktivovanú elektronickú schránku na doručovanie úradných rozhodnutí sa tak dotkla viac ako 78 880 právnickych osôb tretieho sektora - nadácií, neziskových organizácií, cirkví, záujmových združení či politických strán. Aktivácia elektronickej schránky, podmienky elektronickej komunikácie a hlavné výhody jej využívania. Povinnosti štatutárov organizácií. 
610 2 0 |a organizácie neziskové 
610 2 0 |a informatizácia 
610 2 0 |a komunikácia elektronická 
610 2 0 |a správa verejná elektronická 
610 2 0 |a služby elektronické 
610 2 0 |a digitalizácia 
100 1 |a Hrašková, Dagmar